书目信息 |
| 题名: |
休闲概论
|
|
| 作者: | 刘嘉龙 , 郑胜华 编著 | |
| 分册: | ||
| 出版信息: | 天津 南开大学出版社 2008.02 |
|
| 页数: | 281页 | |
| 开本: | 21cm | |
| 丛书名: | ||
| 单 册: | ||
| 中图分类: | C913.3 | |
| 科图分类: | ||
| 主题词: | 闲暇社会学--xian xia she hui xue--研究 | |
| 电子资源: | ||
| ISBN: | 978-7-310-02859-7 | |
| 000 | 00861nam0 2200253 450 | |
| 001 | 012008958599 | |
| 005 | 20080423092640.67 | |
| 010 | @a978-7-310-02859-7@dCNY18.00 | |
| 100 | @a20080423d2008 em y0chiy0120 ea | |
| 101 | 0 | @achi |
| 102 | @aCN@b120000 | |
| 105 | @ay a 000yy | |
| 106 | @ar | |
| 200 | 1 | @a休闲概论@Axiu xian gai lun@f刘嘉龙, 郑胜华编著@Fliu jia long,zheng sheng hua bian zhu |
| 210 | @a天津@c南开大学出版社@d2008.02 | |
| 215 | @a281页@d21cm | |
| 320 | @a有书目 (第280-281页) | |
| 330 | @a本书主要内容包括:休闲概述、休闲理论、中国休闲、外国休闲、文化休闲、假日休闲、休闲经济、休闲生活、休闲产业等。 | |
| 606 | 0 | @a闲暇社会学@Axian xia she hui xue@x研究 |
| 690 | @aC913.3@v4 | |
| 701 | 0 | @a刘嘉龙@Aliu jia long@4编著 |
| 701 | 0 | @a郑胜华@Azheng sheng hua@4编著 |
| 801 | 0 | @aCN@bQSSK@c20080423 |
| 905 | @b296465-67@dC913.3@eL633@f3 | |
| 休闲概论/刘嘉龙, 郑胜华编著.-天津:南开大学出版社,2008.02 |
| 281页;21cm |
| ISBN 978-7-310-02859-7:CNY18.00 |
| 本书主要内容包括:休闲概述、休闲理论、中国休闲、外国休闲、文化休闲、假日休闲、休闲经济、休闲生活、休闲产业等。 |
| ● |
| 相关链接 |
|
|
|
正题名:休闲概论
索取号:C913.3/L633
 
预约/预借
| 序号 | 登录号 | 条形码 | 馆藏地/架位号 | 状态 | 备注 |
| 1 | 296465 | 202964658 | 社科库509/509社科库 62排2列2层/ [索取号:C913.3/L633] | 在馆 | |
| 2 | 296466 | 202964667 | 社科库509/509社科库 62排2列2层/ [索取号:C913.3/L633] | 在馆 | |
| 3 | 296467 | 202964676 | 社科库509/509社科库 62排2列2层/ [索取号:C913.3/L633] | 在馆 |